| 000 | 00881nam a22001937a 4500 | ||
|---|---|---|---|
| 005 | 20250220121304.0 | ||
| 010 | _aHIN-129446 | ||
| 020 | _a9789394992993 | ||
| 035 | _aHN-101792 | ||
| 037 | _bDBAD | ||
| 082 | _a954.13 | ||
| 100 |
_a त्रिपाठी अंशुमान राम _978259 |
||
| 245 |
_aउत्तर प्रदेश / _cअंशुमान राम त्रिपाठी _bविकसित भारत विकसित यूपी _hहिंदी |
||
| 250 | _aप्रथम | ||
| 260 |
_aलखनाऊ _bसुचना एवं जनसंपर्क विभाग _c2023 |
||
| 270 |
_a17- आशोका मार्ग, _bलखनाऊ |
||
| 300 |
_a898पृष्ठ; _c24सेमी(सजिल्द) |
||
| 942 |
_2ddc _cHN _h954.13 _mअंशुमान राम त्रिपाठी |
||
| 999 |
_c209576 _d209576 |
||